MARC details
| 000 -LEADER |
| fixed length control field |
01452nam a2200469Ia 4500 |
| 001 - CONTROL NUMBER |
| control field |
78968 |
| 003 - CONTROL NUMBER IDENTIFIER |
| control field |
TR-AnTOB |
| 005 - DATE AND TIME OF LATEST TRANSACTION |
| control field |
20231219084646.0 |
| 008 - FIXED-LENGTH DATA ELEMENTS--GENERAL INFORMATION |
| fixed length control field |
110305s2006 tu 00100 tur d |
| 020 ## - INTERNATIONAL STANDARD BOOK NUMBER |
| International Standard Book Number |
975389399X |
| Qualifying information |
(set) |
|
| International Standard Book Number |
9789753893992 |
| Qualifying information |
(set) |
|
| International Standard Book Number |
9753894007 |
| Qualifying information |
(volume 1) |
|
| International Standard Book Number |
9789753894005 |
| Qualifying information |
(volume 1) |
|
| International Standard Book Number |
9753894015 |
| Qualifying information |
(volume 2) |
|
| International Standard Book Number |
9789753894012 |
| Qualifying information |
(volume 2) |
| 035 ## - SYSTEM CONTROL NUMBER |
| System control number |
(OCoLC)705898039 |
| 040 ## - CATALOGING SOURCE |
| Original cataloging agency |
SULEY |
| Language of cataloging |
tur |
| Description conventions |
rda |
| Transcribing agency |
SULEY |
| 041 0# - LANGUAGE CODE |
| Language code of text/sound track or separate title |
Türkçe |
| 049 ## - LOCAL HOLDINGS (OCLC) |
| Holding library |
MAIN |
| 050 00 - LIBRARY OF CONGRESS CALL NUMBER |
| Classification number |
BP165.5 |
| Item number |
.I46 2014 |
| 090 ## - LOCALLY ASSIGNED LC-TYPE CALL NUMBER (OCLC); LOCAL CALL NUMBER (RLIN) |
| Classification number (OCLC) (R) ; Classification number, CALL (RLIN) (NR) |
BP165.5 |
| Local cutter number (OCLC) ; Book number/undivided call number, CALL (RLIN) |
.I46 2014 |
| 245 00 - TITLE STATEMENT |
| Title |
İlmihal / |
| Statement of responsibility, etc. |
Türkiye Diyanet Vakfı. |
| 250 ## - EDITION STATEMENT |
| Edition statement |
10.baskı |
| 264 #1 - PRODUCTION, PUBLICATION, DISTRIBUTION, MANUFACTURE, AND COPYRIGHT NOTICE |
| Place of production, publication, distribution, manufacture |
Ankara : |
| Name of producer, publisher, distributor, manufacturer |
Türkiye Diyanet Vakfı, |
| Date of production, publication, distribution, manufacture, or copyright notice |
2006. |
| 300 ## - PHYSICAL DESCRIPTION |
| Extent |
2 cilt ; |
| Dimensions |
24 cm. |
| 336 ## - CONTENT TYPE |
| Content type term |
text |
| Content type code |
txt |
| Source |
rdacontent |
| 337 ## - MEDIA TYPE |
| Media type term |
unmediated |
| Media type code |
n |
| Source |
rdamedia |
| 338 ## - CARRIER TYPE |
| Carrier type term |
volume |
| Carrier type code |
nc |
| Source |
rdacarrier |
| 490 0# - SERIES STATEMENT |
| Series statement |
Türkiye Diyanet Vakfı ; |
| Volume/sequential designation |
323 |
| Series statement |
Kaynak Eserler serisi ; |
| Volume/sequential designation |
22 |
| 500 ## - GENERAL NOTE |
| General note |
Dizin var. |
| 505 00 - FORMATTED CONTENTS NOTE |
| Miscellaneous information |
cilt 1. |
| Title |
İman ve ibadetler.-- |
| Miscellaneous information |
cilt 2. |
| Title |
İslam ve toplum. |
| 650 #0 - SUBJECT ADDED ENTRY--TOPICAL TERM |
| 9 (RLIN) |
123139 |
| Topical term or geographic name entry element |
Islam |
| General subdivision |
Customs and practices |
|
| Topical term or geographic name entry element |
Islamic ethics |
| 9 (RLIN) |
4109 |
|
| Topical term or geographic name entry element |
İslam |
| General subdivision |
Adetler ve alışkanlıklar |
| 9 (RLIN) |
81201 |
|
| Topical term or geographic name entry element |
İslam |
| General subdivision |
Doktrinler |
| Source of heading or term |
etuturkob |
| 9 (RLIN) |
126150 |
|
| Topical term or geographic name entry element |
İslam ahlakı |
| 9 (RLIN) |
48365 |
|
| Topical term or geographic name entry element |
Islam |
| General subdivision |
Doctrines |
| 9 (RLIN) |
52209 |
| 710 2# - ADDED ENTRY--CORPORATE NAME |
| Corporate name or jurisdiction name as entry element |
Türkiye Diyanet Vakfı |
| 9 (RLIN) |
844 |
| 942 ## - ADDED ENTRY ELEMENTS (KOHA) |
| Source of classification or shelving scheme |
Library of Congress Classification |
| Koha item type |
Book |